Justicia, señor gobernador !

Enregistré dans:
Détails bibliographiques
Auteur principal: Lindo, Hugo
Format: Livre
Langue:Undetermined
Publié: San Salvador, El Salvador Ministerio de Educación 1968
Édition:2
Sujets:
Tags: Ajouter un tag
Pas de tags, Soyez le premier à ajouter un tag!

MARC

LEADER 00000nam a2200000Ia 4500
008 170316s9999 xx 000 0 und d
040 |a cru BVZT 
090 |a 860 L-18j 
100 |a Lindo, Hugo 
245 |a Justicia, señor gobernador ! 
250 |a 2 
260 |a San Salvador, El Salvador 
260 |b Ministerio de Educación 
260 |c 1968 
300 |a 263 páginas 
650 |a LITERATURA LATINOAMERICANA 
999 |c 8867  |d 8867 
942 |c 15 D  |h 860 L-18j  |2 z